Normal view
MARC view
- Bill, James
Entry Personal Name
001 - CONTROL NUMBER
- control field: 120688
003 - CONTROL NUMBER IDENTIFIER
- control field: NUST
005 - DATE AND TIME OF LATEST TRANSACTION
- control field: 20240219112723.0
008 - FIXED-LENGTH DATA ELEMENTS
- fixed length control field: 240219|| aca||aabn | a|a d
040 ## - CATALOGING SOURCE
- Original cataloging agency: NUST
- Transcribing agency: NUST
100 ## - HEADING--PERSONAL NAME
- Personal name: Bill, James
670 ## - SOURCE DATA FOUND
- Source citation: Work cat.: (NUST): James, Mary, 1956- author. 120686, Passive house in different climates :, 2016.
